Statistics for Random 'Top and Tail' Word Quiz - K

Click here to take the quiz!

General Stats

  • This quiz has been taken 78 times
  • The average score is 9 of 16

Answer Stats

HintLettersAnswer% Correct
Bag carried by a strap on your back or shoulder8Knapsack
100%
Hit vigorously, perhaps on a door5Knock
100%
Type of canoe propelled by a double-bladed paddle5Kayak
94%
Deliver a blow with the foot4Kick
93%
Camera company founded by George Eastman5Kodak
87%
American film director and producer; Stanley7Kubrick
86%
Booth for selling tickets5Kiosk
75%
Sharp bend in something that is otherwise straight4Kink
64%
Acquired or natural skill at doing something5Knack
63%
Involuntary and immediate reaction (has hyphen)8Knee-jerk
50%
Brown bear of coastal Alaska6Kodiak
50%
Currency unit into which one ruble is divided5Kopek
50%
People descended from a common ancestor7Kinfolk
46%
Scottish church4Kirk
46%
Site of the Wright brothers' first powered flight9Kittyhawk
43%
Commercial bribe paid by a seller to gain an advantage8Kickback
38%
Large town in East Ayrshire, Scotland10Kilmarnock
33%
Symbol used in Britain to indicate a product's quality8Kitemark
31%
Town in southern Washington on the Columbia River9Kennewick
30%
Children's game involving pulling out straws from a tube8KerPlunk
29%
City in south-western Russia5Kursk
25%
Market town in England's Lake District7Keswick
18%
Natural material used for stuffing and insulation5Kapok
15%

Score Distribution

Percentile by Number Answered

Percent of People with Each Score

Your Score History

You have not taken this quiz